Predicting technology adoption to improve research priority- setting (Record no. 65459)

MARC details
000 -LEADER
fixed length control field 00559nam a2200193Ia 4500
100 ## - MAIN ENTRY--AUTHOR NAME
Personal name Batz Franz-J
245 #0 - TITLE STATEMENT
Title Predicting technology adoption to improve research priority- setting
260 ## - PUBLICATION, DISTRIBUTION, ETC. (IMPRINT)
Name of publisher Agricultural Economics
Year of publication 2003
300 ## - PHYSICAL DESCRIPTION
Number of Pages 151-164
650 ## - SUBJECT ADDED ENTRY--TOPICAL TERM
Topical Term Decision-making
650 ## - SUBJECT ADDED ENTRY--TOPICAL TERM
Topical Term Innovation adoption
650 ## - SUBJECT ADDED ENTRY--TOPICAL TERM
Topical Term Performance assessment
650 ## - SUBJECT ADDED ENTRY--TOPICAL TERM
Topical Term Research priority setting
650 ## - SUBJECT ADDED ENTRY--TOPICAL TERM
Topical Term Technology characteristics
700 ## - ADDED ENTRY--PERSONAL NAME
Personal name Janssen
700 ## - ADDED ENTRY--PERSONAL NAME
Personal name Peters Kurt J
942 ## - ADDED ENTRY ELEMENTS (KOHA)
Koha item type Journals
Holdings
Withdrawn status Lost status Damaged status Not for loan Home library Current library Shelving location Date acquired Serial Enumeration / chronology Koha item type
      Journals RRII Library RRII Library Agricultural economics 23/04/2003 Volume 28, Issue 2 Journals